Annual general meeting (Record no. 105636)
[ view plain ]
| 000 -LEADER | |
|---|---|
| fixed length control field | 00839cam a2200181 4500 |
| 001 - CONTROL NUMBER | |
| control field | ##L134288 |
| 008 - FIXED-LENGTH DATA ELEMENTS--GENERAL INFORMATION | |
| fixed length control field | 060724n 000 0 eng u |
| 035 ## - SYSTEM CONTROL NUMBER | |
| System control number | (Sirsi) u134288 |
| 041 0# - LANGUAGE CODE | |
| Language code of text/sound track or separate title | eng |
| 050 04 - LIBRARY OF CONGRESS CALL NUMBER | |
| Classification number | 333.0062 $2 18 |
| 110 2# - MAIN ENTRY--CORPORATE NAME | |
| Corporate name or jurisdiction name as entry element | Rating and Valuation Association |
| 9 (RLIN) | 1873 |
| 245 00 - TITLE STATEMENT | |
| Title | Annual general meeting |
| 260 ## - PUBLICATION, DISTRIBUTION, ETC. | |
| Place of publication, distribution, etc. | [S.l.] |
| Name of publisher, distributor, etc. | [s.n.] |
| Date of publication, distribution, etc. | 1960 (Edinburgh |
| Name of publisher, distributor, etc. | Lindsay and Co) |
| 300 ## - PHYSICAL DESCRIPTION | |
| Extent | 23p. |
| Dimensions | 22cm. |
| 520 ## - SUMMARY, ETC. | |
| Summary, etc. | Pamphlet giving notice of the Association's annual general meeting that took place at the Imperial hotel, Blackpool on 15 September 1960 at 4.15pm. Includes the agenda, the report of the Council, the revenue account and balance sheet for the year ended 31 December 1959, and the accounts of the Benevolent Fund. Also lists Association publications. |
| 690 ## - LOCAL SUBJECT ADDED ENTRY--TOPICAL TERM (OCLC, RLIN) | |
| Topical term or geographic name as entry element | PROPERTY-PROPERTY VALUATION AND APPRAISAL |
| 942 ## - ADDED ENTRY ELEMENTS (KOHA) | |
| Suppress in OPAC | 0 |
No items available.